Astronomical Phenomena-Theme Marvel Characters by Picture - Statistics

General Stats
  • This quiz has been taken 12 times
  • The average score is 10 of 13
Answer Stats
Picture Answer % Correct
Nebula
100%
Nova (Frankie Raye)
100%
Nova (Richard Rider)
100%
Nova (Samuel Alexander)
100%
Black Dwarf
90%
Quasar (Avril Kincaid)
90%
Quasar (Phyla-Vell)
90%
Quasar (Wendell Vaugh)
90%
Supergiant
70%
Black Hole
50%
Comet
50%
Comet Man
40%
Galaxy Master
20%
No matching quizzes found
Score Distribution
Percent of People with Each Score
Percentile by Number Answered
Your Score History
You have not taken this quiz